000 00822nam a2200205Ia 4500
005 20241129111320.0
008 241129s9999||||xx |||||||||||||| ||und||
037 _aTB
040 _aCRL
_bhin
_cCRL
041 _ahin
_2hin
084 _aQ298.31, 152R3
_qCRL
100 _aयोगेश्वरानन्द, ले.
_9160953
245 0 _aश्रीहनुमान साधना और सिद्धि: विशिष्ट तान्त्रिक प्रयोगों सहित
_cयोगेश्वरानन्द, ले.
260 _aदिल्ली, भारत
_bआस्था प्रकाशन मन्दिर
_c2023
300 _a362पृ0
365 _aINR
_b400
650 _aReligion
942 _cTB
_hQ298.31, 152R3
999 _c1229890
_d1229890